Bilecik Bilecik Bilecik Bilecik Bilecik

Tekno-ekonomik terimler sözlüğü/ (Record no. 14648)

MARC details
000 -BAŞLIK
Sabit Uzunluktaki Kontrol Alanı 00871nam a22002897a 4500
001 - KONTROL NUMARASI
Control Dosyası 0014685
003 - KONTROL NUMARASI KİMLİĞİ
Kontrol Alanı KOHA_MİRAKIL
005 - EN SON İŞLEM TARİHİ ve ZAMANI
Kontrol Alanı 20260207002004.0
007 - FİZİKSEL TANIM SABİT ALAN - GENEL BİLGİ
Sabit uzunluklu kontrol alanı ta
008 - SABİT UZUNLUKTAKİ VERİ ÖGELERİ - GENEL BİLGİ
Sabit Alan 100308b1979 tu |||grd|||#0|||0|eng |
040 ## - KATALOGLAMA KAYNAĞI
Özgün Kataloglama Kurumu TR-BiSEU
Kataloglama Dili tur
Çeviri Kurumu TR-BiSEU
Açıklama Kuralları rda
041 0# - DİL KODU
Metin ya da ses kaydının dil kodu eng
044 ## - YAYINLAYAN/ÜRETEN KURULUŞUN ÜLKE KODU
ISO country code tu
050 ## - SINIFLAMA ve YER NUMARASI
Sınıflama Numarası HB61
Yer Numarası .O93 1979
100 1# - KİŞİ ADI
Yazar Adı (Kişi adı) Özbalkan, Nuri.
245 1# - ESER ADI BİLDİRİMİ
Başlık Tekno-ekonomik terimler sözlüğü/
Sorumluluk Bildirimi Nuri Özbalkan ; Nuri Özbalkan.
246 ## - DEĞİŞİK BAŞLIK FORMU
Başlık uygun / kısa başlık Uluslararası ticarette kullanılan terimlerin Türkçe-İngilizce-Fransızca-Almanca
264 #1 - ÜRERİM, YAYIN, DAĞITIM ve TELİF BİLDİRİMİ
Yayın yeri İstanbul :
Yayınlayan Özbalkan Yayınları
Yayın tarihi 1979
300 ## - FİZİKSEL TANIMLAMA
Sayfa, Cilt vb. 990 sayfa; 24 cm.
336 ## - İÇERİK TÜRÜ
Content type term metin
Content type code txt
Source rdacontent
337 ## - MEDYA TÜRÜ
Media type term aracısız
Media type code n
Source rdamedia
338 ## - TAŞIYICI TÜRÜ
Carrier type term cilt
Carrier type code nc
Source rdacarrier
500 ## - GENEL NOT
Genel Not Dizin var.
650 #0 - KONU BAŞLIĞI EK GİRİŞ - KONU TERİMİ
Konusal terim veya coğrafi ad Ekonomi--Sözlükler.
9 (RLIN) 3453
907 ## - LOCAL DATA ELEMENT G, LDG (RLIN)
a Sözlük
942 ## - EK GİRİŞ ÖGELERİ (KOHA)
Source of classification or shelving scheme Library of Congress Classification
Koha item type Book
Holdings
Materyal Türü Kalıcı Konum Mevcut Konum Raf Yeri Koleksiyon Kodu Sınıflandırma Kaynağı Edinim Bilgisi Ana Konular Alt Konular Yer Numarası Demirbaş Numarası Fatura Tarihi Maliyet, Alış Fiyatı Maliyet, Yenileme Fiyatı Geri Çekilme Durumu Kayıp Durumu Hasarlı Durumu Kredi için değil Kayıt Tarih Toplam Ödünçverme Son Görülme Tarihi Son Kontrol Tarihi Genel / Bağış Notu
Danışma Kaynakları Prof. Dr. Azmi Özcan Kütüphanesi Prof. Dr. Azmi Özcan Kütüphanesi Uluğbey Salonu Referans Library of Congress Classification Bağış SOSYAL BİLİMLER Ekonomi Teorisi, Demografi HB61 .O93 1979 0014685 02/02/2026 2.00 2.00       Ödünç verilmez 08/03/2010   05/12/2024 05/12/2024 Genel Bağış